000
00339nam a2200145Ia 4500
008
150301s2014 xx 000 0 und d
082
_a
617.7
_b
R14K
100
_a
KHURANA, A.K.
245
_a
REVIEW OF OPHTHALMOLOGY
250
_a
5TH
260
_b
NEW AGE.
_a
INDIA
_c
2014
300
_a
388
650
_a
OPHTHALMOLOGY
942
_2
ddc
_c
BK
_0
8
999
_c
6730
_d
6730